La democracia en México/

Se analiza la democracia en México y su vinculación con el desarrollo económico del país. En el primer capítulo se explica la estructura del poder en dicho país, donde se incluye la estructura de gobierno, los factores del poder y el poder nacional y el factor de dominio; en la siguiente parte se de...

Mô tả đầy đủ

Đã lưu trong:
Chi tiết về thư mục
Tác giả chính: González Casanova, Pablo
Định dạng: Texto
Ngôn ngữ:Spanish
Được phát hành: México: Ediciones ERA, 1965
Loạt:El Hombre y su Tiempo
Những chủ đề:
Các nhãn: Thêm thẻ
Không có thẻ, Là người đầu tiên thẻ bản ghi này!

MARC

LEADER 00000 a a2200000 04500
003 cru CIDCACS/IIS
005 20230621110603.0
007 ta
008 171101t1965 mx |||||r|||| 00| 0 spa d
040 |c cru CIDCACS/IIS 
090 |a 04.02.02 G643d 
100 1 |9 5811  |a González Casanova, Pablo 
245 1 |a La democracia en México/  |c Pablo González Casanova 
260 |a México:   |b Ediciones ERA,  |c 1965 
300 |a 261 páginas:  |b tablas 
440 |9 5812  |a El Hombre y su Tiempo 
520 |a Se analiza la democracia en México y su vinculación con el desarrollo económico del país. En el primer capítulo se explica la estructura del poder en dicho país, donde se incluye la estructura de gobierno, los factores del poder y el poder nacional y el factor de dominio; en la siguiente parte se describe la estructura social y política, donde se incluye la sociedad plural, la estratificación y movilidad social y la inconformidad y la lucha cívica; en el siguiente capítulo se de analizan las decisiones políticas y el desarrollo económico. Finaliza realizando una discusión acerca de las posibilidades de la democracia. 
650 1 0 |9 83  |a DEMOCRACIA 
650 1 0 |9 410  |a GOBIERNO CENTRAL 
650 1 0 |9 24  |a CLASES SOCIALES 
650 1 0 |9 25  |a ESTRATIFICACION SOCIAL  
650 1 0 |9 65  |a MOVILIDAD SOCIAL  
650 1 0 |9 2125  |a PARTICIPACION SOCIAL 
650 1 0 |9 2142  |a DESARROLLO ECONOMICO 
650 4 |9 2655  |a POLITICA ECONOMICA 
650 1 0 |9 236  |a MARXISMO 
650 1 0 |a ANALISIS SOCIOLOGICO  |9 2076 
942 |2 ddc  |c LI  |h 04.02.02 G643d  |i 17498  |6 040202_G643D_17498 
999 |c 40531  |d 40531